书目信息 |
| 题名: |
电气工程及其自动化专业英语
|
|
| 作者: | 戴文进 编著 | |
| 分册: | ||
| 出版信息: | 北京 电子工业出版社 2021.3 |
|
| 页数: | 205页 | |
| 开本: | 26cm | |
| 丛书名: | ||
| 单 册: | ||
| 中图分类: | TM , TP2 | |
| 科图分类: | ||
| 主题词: | 电工技术--英语--高等教育--教材 , 自动化技术--英语--高等教育--教材 | |
| 电子资源: | ||
| ISBN: | 978-7-121-34127-4 | |
| 000 | 01002nam0 2200277 45 | |
| 001 | 012001002013 | |
| 005 | 20211013153709.33 | |
| 010 | @a978-7-121-34127-4@dCNY39.00 | |
| 100 | @a20180730d2018 em y0chiy50 ea | |
| 101 | 0 | @achi@aeng |
| 102 | @aCN@b110000 | |
| 105 | @aa z 000yy | |
| 106 | @ar | |
| 200 | 1 | @a电气工程及其自动化专业英语@Adian qi gong cheng ji qi zi dong hua zhuan ye ying yu@b专著@f戴文进编著 |
| 205 | @a2版 | |
| 210 | @a北京@c电子工业出版社@d2021.3 | |
| 215 | @a205页@c图@d26cm | |
| 300 | @a普通高等教育“十三五”规划教材 电气工程、自动化专业规划教材 | |
| 330 | @a本书共5大部分,分为电工电子、电机及其控制、发电输电配电与电力系统、可再生能源发电、计算机与智能技术,每一部分由英语原文、专业英语词汇、课文注释、参考译文组成。 | |
| 606 | 0 | @a电工技术@x英语@x高等教育@j教材 |
| 606 | 0 | @a自动化技术@x英语@x高等教育@j教材 |
| 690 | @aTM@v5 | |
| 690 | @aTP2@v5 | |
| 701 | 0 | @a戴文进@Adai wen jin@4编著 |
| 801 | 0 | @aCN@bBJSDL@c20211011 |
| 905 | @b1338101-4@dTM@e107=2@f4 | |
| 电气工程及其自动化专业英语/戴文进编著.-2版.-北京:电子工业出版社,2021.3 |
| 205页:图;26cm |
| 普通高等教育“十三五”规划教材 电气工程、自动化专业规划教材 |
| ISBN 978-7-121-34127-4:CNY39.00 |
| 本书共5大部分,分为电工电子、电机及其控制、发电输电配电与电力系统、可再生能源发电、计算机与智能技术,每一部分由英语原文、专业英语词汇、课文注释、参考译文组成。 |
| ● |
| 相关链接 |
|
|
|
|
正题名:电气工程及其自动化专业英语
索取号:TM/107=2
 
预约/预借
| 序号 | 登录号 | 条形码 | 馆藏地/架位号 | 状态 | 备注 |
| 1 | 1338101 | 213381017 | 第二样本阅览室/ [索取号:TM/107=2] | 在馆 | |
| 2 | 1338102 | 213381026 | 第三借阅区/ [索取号:TM/107=2] | 在馆 | |
| 3 | 1338103 | 213381035 | 第三借阅区/ [索取号:TM/107=2] | 在馆 | |
| 4 | 1338104 | 213381044 | 第三借阅区/ [索取号:TM/107=2] | 在馆 |